[Event "Titled Tue 26th Aug Late"]
[Site "chess.com INT"]
[Date "2025.08.26"]
[Round "5"]
[White "Vazelakis, Dimitrios"]
[Black "Chelly, Yahya"]
[Result "0-1"]
[BlackTitle "CM"]
[WhiteElo "1858"]
[BlackElo "1949"]
[WhiteFideId "4203674"]
[BlackFideId "5516200"]
[EventDate "2025.08.26"]

1. d4 d5 2. Nf3 Nf6 3. g3 e6 4. Bg2 Be7 5. O-O O-O 6. c4 dxc4 7. Qc2 a6 8. a4 c5
9. Qxc4 Qd5 10. Qxd5 exd5 11. dxc5 Bxc5 12. Bg5 Be7 13. Nc3 Be6 14. Rfd1 Rd8 15.
Nd4 Nc6 16. e4 Nxd4 17. Rxd4 Bc5 18. Rdd1 dxe4 19. Bxf6 gxf6 20. Nxe4 Be7 21. h4
Kg7 22. Rxd8 Rxd8 23. Rc1 Rd7 24. a5 Bb4 25. Nc5 Rd2 26. Bxb7 Bxa5 27. Bxa6 Bd5
28. Bc4 Bb6 29. Bxd5 Rxd5 30. Nb3 Rb5 31. Rc3 f5 32. Kf1 f4 33. gxf4 Bd8 34. Rf3
Bxh4 35. Ke2 Bd8 36. Kd2 h5 37. Kc2 h4 0-1

[Event "Titled Tue 26th Aug Late"]
[Site "chess.com INT"]
[Date "2025.08.26"]
[Round "5"]
[White "Sarana, Alexey"]
[Black "Papasimakopoulos, Alexandros"]
[Result "1-0"]
[WhiteTitle "GM"]
[BlackTitle "IM"]
[WhiteElo "2691"]
[BlackElo "2361"]
[WhiteFideId "24133795"]
[BlackFideId "4244125"]
[EventDate "2025.08.26"]

1. d4 d5 2. c4 e6 3. Nc3 a6 4. cxd5 exd5 5. Qb3 c6 6. e4 dxe4 7. Bc4 Qe7 8. a4
Nf6 9. Bg5 Nbd7 10. Nge2 h6 11. Be3 g6 12. h4 Bg7 13. Nf4 Ng4 14. g3 Nxe3 15.
fxe3 Nf6 16. a5 Bg4 17. Rf1 g5 18. Nfe2 O-O 19. hxg5 hxg5 20. O-O-O Bf3 21. Rd2
Rad8 22. Na4 Ng4 23. Ng1 Qf6 24. Nc5 Rb8 25. Nxe4 Bxe4 26. Rxf6 Nxf6 27. Ne2 Nd5
28. Nc3 Nxc3 29. bxc3 Bg6 30. Bd3 Bxd3 31. Rxd3 Rfe8 32. Kd2 Re7 33. c4 Rd8 34.
d5 cxd5 35. Rxd5 Rxd5+ 36. cxd5 Be5 37. g4 Kg7 38. Qa4 f6 39. Kd3 Bd6 40. Qc4
Rc7 41. Qe4 Re7 42. Qf5 Be5 43. Qc8 Kf7 44. Qd8 Re8 45. Qd7+ Re7 46. Qf5 Kg7 47.
Qc8 Kf7 48. Qh8 Bd6 49. Qh7+ Ke8 50. Qg6+ Rf7 51. Ke4 Ke7 52. Kf5 Be5 53. Qg8
Rf8 54. Qe6+ Kd8 55. Qb6+ Kd7 56. Qxb7+ Bc7 57. Qc6+ Kd8 58. Qxa6 Re8 59. Qa8+
Kd7 60. Qc6+ Kd8 61. a6 Rxe3 62. Kg6 Rd3 63. a7 Ra3 64. a8=Q+ 1-0

[Event "Titled Tue 26th Aug Late"]
[Site "chess.com INT"]
[Date "2025.08.26"]
[Round "5"]
[White "Lai, Duc Minh"]
[Black "Garcia Cuenca, Victor"]
[Result "1-0"]
[BlackTitle "FM"]
[WhiteElo "2121"]
[BlackElo "2293"]
[WhiteFideId "12420387"]
[BlackFideId "2250829"]
[EventDate "2025.08.26"]

1. e4 b6 2. d4 Bb7 3. Bd3 e6 4. Qe2 c5 5. c3 cxd4 6. cxd4 Nc6 7. Nf3 Nb4 8. O-O
Nxd3 9. Qxd3 d6 10. d5 e5 11. Nc3 Be7 12. Be3 Nf6 13. h3 O-O 14. Rfc1 a6 15. Rc2
Rc8 16. Rac1 Nd7 17. b4 Rc7 18. Na4 Rxc2 19. Qxc2 b5 20. Qc7 Ba8 21. Nb6 Nxb6
22. Qxb6 Qxb6 23. Bxb6 Rb8 24. Ba7 Rd8 25. Rc7 Bf8 26. g4 h6 27. Nh4 g6 28. Kf1
Bg7 29. Ke2 Bf6 30. Ng2 Kf8 31. h4 Ke8 32. Be3 h5 33. g5 Be7 34. Ra7 Rb8 35.
Rxa6 Bd8 36. Ra7 Bb7 37. f4 exf4 38. Bxf4 Kd7 39. Be3 Kc8 40. Nf4 Bc7 41. Kd3
Kd7 42. Bd4 Kc8 43. Ne2 Kd7 44. Nc3 Bc8 45. a4 bxa4 46. b5 Rb7 47. Rxb7 Bxb7 48.
Nxa4 Ba5 49. Bc3 Ba8 50. Bxa5 1-0

[Event "Titled Tue 26th Aug Late"]
[Site "chess.com INT"]
[Date "2025.08.26"]
[Round "5"]
[White "Nasuta, Grzegorz"]
[Black "Drygalov, Andrey"]
[Result "0-1"]
[WhiteTitle "GM"]
[BlackTitle "GM"]
[WhiteElo "2513"]
[BlackElo "2431"]
[WhiteFideId "1141686"]
[BlackFideId "24171735"]
[EventDate "2025.08.26"]

1. e4 c5 2. Nf3 d6 3. d4 cxd4 4. Nxd4 Nf6 5. Nc3 a6 6. f3 e5 7. Nb3 Be6 8. Be3
h5 9. Nd5 Bxd5 10. exd5 Nbd7 11. Qd2 g6 12. O-O-O Bg7 13. Kb1 Qc7 14. c4 O-O 15.
Be2 a5 16. Na1 a4 17. Nc2 a3 18. Nxa3 Rxa3 19. bxa3 Nc5 20. Qb4 Nfd7 21. Kc2 Ra8
22. Kd2 Ra4 23. Qc3 e4 24. Bd4 Bxd4 25. Qxd4 Rxa3 26. Ke1 Ne5 27. fxe4 Rxa2 28.
Kf1 Qe7 29. Qe3 Qh4 30. Kg1 Qxe4 31. Qxe4 Nxe4 32. Re1 Nc5 33. h4 Kg7 34. Rh3
Rb2 35. Rg3 Kh6 36. Re3 f5 37. g3 Kg7 38. Ra1 Kf6 39. Ra8 Ne4 40. Rd8 Ke7 41.
Rb8 Kd7 0-1

[Event "Titled Tue 26th Aug Late"]
[Site "chess.com INT"]
[Date "2025.08.26"]
[Round "5"]
[White "Rizzo, Tobias"]
[Black "Chen, Yidong"]
[Result "1-0"]
[WhiteElo "1955"]
[BlackElo "2068"]
[WhiteFideId "30942691"]
[BlackFideId "8607028"]
[EventDate "2025.08.26"]

1. Nf3 c5 2. g3 Nc6 3. Bg2 g6 4. O-O Bg7 5. c3 e5 6. e4 Nge7 7. d3 h6 8. Re1 O-O
9. Be3 d6 10. a4 f5 11. Na3 Be6 12. Qd2 Kh7 13. h3 Qd7 14. Kh2 Rf7 15. Qe2 Raf8
16. exf5 gxf5 17. Bc1 Ng6 18. h4 f4 19. h5 fxg3+ 20. fxg3 Nge7 21. Rf1 Kh8 22.
Nh4 Bg4 23. Qe1 Rxf1 24. Bxf1 Bxh5 25. Be3 Nf5 26. Bh3 Nxh4 27. Bxd7 Nf3+ 28.
Kg2 Nxe1+ 29. Rxe1 Bf3+ 30. Kg1 Bd5 31. Nb5 Rf6 32. Nc7 Bf7 33. Bxc6 bxc6 34. b4
cxb4 35. cxb4 Bg6 36. Bxa7 Bxd3 37. a5 Rf7 38. Bb6 Kh7 39. a6 Bxa6 40. Nxa6 Rb7
41. Be3 Kg6 42. Kg2 Kf5 43. Rc1 c5 44. bxc5 Rb2+ 45. Bf2 dxc5 46. Nxc5 Bf8 47.
Nd3 Ra2 48. Re1 Bd6 49. Kg1 e4 50. Nc1 Rb2 51. Ne2 h5 52. Nd4+ Ke5 53. Ne2 1-0

[Event "Titled Tue 26th Aug Late"]
[Site "chess.com INT"]
[Date "2025.08.26"]
[Round "5"]
[White "Hua, Lefong"]
[Black "Sakhayi, Mostafa"]
[Result "1-0"]
[WhiteTitle "FM"]
[BlackTitle "CM"]
[WhiteElo "2305"]
[BlackElo "2166"]
[WhiteFideId "2602253"]
[BlackFideId "12512532"]
[EventDate "2025.08.26"]

1. d4 Nf6 2. c4 e6 3. Nc3 Bb4 4. f3 O-O 5. a3 Bxc3+ 6. bxc3 Ne8 7. e4 b6 8. Bd3
Ba6 9. Nh3 Nc6 10. Qe2 Na5 11. Be3 d5 12. cxd5 Bxd3 13. Qxd3 exd5 14. e5 Nc4 15.
O-O c6 16. f4 f5 17. Nf2 Nc7 18. g4 g6 19. g5 Ne6 20. h4 c5 21. Kg2 Rc8 22. Rfc1
Qd7 23. a4 Rc7 24. a5 b5 25. dxc5 Nxe3+ 26. Qxe3 Rxc5 27. Rd1 Rfc8 28. Rd3 Rc4
29. Nh3 Re4 30. Qd2 Rc5 31. Rd1 Qc6 32. Kh2 d4 33. cxd4 Rc2 34. d5 Rxd2+ 35.
R1xd2 Qc4 36. dxe6 Qxe6 37. Rd8+ Kf7 38. R2d7+ Qe7 39. Rxe7+ Kxe7 40. Rb8 a6 41.
Rb7+ Ke6 42. Rb6+ Kd5 43. Rxa6 Re2+ 44. Kg3 b4 45. Rb6 Re3+ 46. Kg2 b3 47. a6
Kc5 48. Rb8 Re2+ 49. Nf2 Ra2 50. Rxb3 Rxa6 51. Rd3 1-0

[Event "Titled Tue 26th Aug Late"]
[Site "chess.com INT"]
[Date "2025.08.26"]
[Round "5"]
[White "Naroditsky, Daniel"]
[Black "Munoz, Francisco Javier"]
[Result "1-0"]
[WhiteTitle "GM"]
[BlackTitle "FM"]
[WhiteElo "2619"]
[BlackElo "2389"]
[WhiteFideId "2026961"]
[BlackFideId "128368"]
[EventDate "2025.08.26"]

1. e4 e5 2. Nf3 Nc6 3. Nc3 d6 4. Nd5 Nce7 5. Nxe7 Bxe7 6. d4 exd4 7. Nxd4 Nf6 8.
Bd3 O-O 9. O-O Re8 10. Re1 Nd7 11. c4 Nc5 12. Bc2 Bf6 13. b3 g6 14. Bb2 Be5 15.
Qd2 Qf6 16. Rad1 a5 17. Ba1 Bd7 18. h3 h5 19. Qe3 Re7 20. Nf3 Bxa1 21. Rxa1 b6
22. Rad1 Rae8 23. Nd2 Bc6 24. f3 h4 25. Bb1 Ne6 26. Nf1 Nf4 27. Qf2 Re5 28. Ne3
Bd7 29. Kh2 Kg7 30. Nd5 Nxd5 31. cxd5 Qf4+ 32. Kh1 Rg5 33. Rg1 Rg3 34. Qd2 Qf6
35. Qd4 Re5 36. Rd2 g5 37. Rf2 Kh6 38. Rgf1 Qf4 39. Qd2 Re8 40. Qxf4 gxf4 41.
Rc1 Reg8 42. Bd3 f5 43. exf5 R8g7 44. Rxc7 Be8 45. Rc8 Rg8 46. f6 Bf7 47. Rc7 1-0

[Event "Titled Tue 26th Aug Late"]
[Site "chess.com INT"]
[Date "2025.08.26"]
[Round "5"]
[White "Szpar, Milosz"]
[Black "Rosen, Eric"]
[Result "1-0"]
[WhiteTitle "GM"]
[BlackTitle "IM"]
[WhiteElo "2490"]
[BlackElo "2377"]
[WhiteFideId "1184989"]
[BlackFideId "2032562"]
[EventDate "2025.08.26"]

1. e4 c5 2. c3 d5 3. exd5 Qxd5 4. d4 Nf6 5. Nf3 e6 6. Na3 Nc6 7. Nb5 Qd8 8. dxc5
Bxc5 9. Qxd8+ Kxd8 10. Bf4 Ne4 11. Bg3 a6 12. Nbd4 Nxd4 13. Rd1 Ke7 14. Nxd4
Nxg3 15. hxg3 e5 16. Nf3 f6 17. Bd3 h6 18. Nh4 Rd8 19. Ke2 Be6 20. a3 Rac8 21.
Bf5 Bc4+ 22. Kf3 Rb8 23. Be4 Bb3 24. Nf5+ Kf7 25. Rd3 Rxd3+ 26. Bxd3 Rd8 27. Ke2
Be6 28. Ne3 b5 29. f3 Bb3 30. g4 Rb8 31. Be4 Rd8 32. Bc2 Be6 33. Ra1 a5 34. Bd3
Rb8 35. b4 Bb6 36. Rb1 a4 37. Nf5 Bc7 38. Rc1 g6 39. Ne3 Bd6 40. c4 bxc4 41.
Bxc4 Ke7 42. Nd5+ Bxd5 43. Bxd5 f5 44. Rc6 1-0

[Event "Titled Tue 26th Aug Late"]
[Site "chess.com INT"]
[Date "2025.08.26"]
[Round "5"]
[White "Murawski, Jan"]
[Black "Vasynda, Oleksandr"]
[Result "0-1"]
[WhiteTitle "CM"]
[BlackTitle "FM"]
[WhiteElo "2189"]
[BlackElo "2209"]
[WhiteFideId "21009287"]
[BlackFideId "14176297"]
[EventDate "2025.08.26"]

1. c4 e5 2. Nc3 Nf6 3. Nf3 Nc6 4. e4 d6 5. d4 exd4 6. Nxd4 g6 7. Be2 Bg7 8. O-O
O-O 9. Be3 Re8 10. f3 Bd7 11. Qd2 a6 12. Rfd1 Ne5 13. Rac1 Qe7 14. Nb3 Bc6 15.
c5 Red8 16. cxd6 Rxd6 17. Qe1 b6 18. Rxd6 Qxd6 19. Rd1 Qe7 20. Nd4 Bb7 21. Nc2
Rd8 22. Rxd8+ Qxd8 23. Qd2 Qxd2 24. Bxd2 Nfd7 25. Ne3 Bh6 26. Kf2 b5 27. Ke1 Nb6
28. g3 Bxe3 29. Bxe3 Nec4 30. Bd4 Nxb2 31. Nxb5 axb5 32. Bxb2 b4 33. Bd4 Nd7 34.
Bb5 c6 35. Ba4 Kf8 36. Kd2 Ke7 37. Kc2 Kd6 38. Kb3 Ba6 39. Be3 Ne5 40. Bf4 c5
41. Be8 f6 42. Bf7 Be2 43. Bg8 Bd1+ 44. Kb2 Bxf3 45. Bxh7 Bxe4 46. h4 Kd5 47.
Bxe5 Kxe5 48. g4 Kf4 49. h5 Kxg4 0-1

[Event "Titled Tue 26th Aug Late"]
[Site "chess.com INT"]
[Date "2025.08.26"]
[Round "5"]
[White "Popov, Tikhon"]
[Black "Lortkipanidze, Nodar"]
[Result "1-0"]
[WhiteTitle "FM"]
[BlackTitle "IM"]
[WhiteElo "2335"]
[BlackElo "2359"]
[WhiteFideId "24252026"]
[BlackFideId "13604058"]
[EventDate "2025.08.26"]

1. e4 c5 2. Nf3 d6 3. Bb5+ Nc6 4. O-O Bd7 5. Re1 a6 6. Bxc6 Bxc6 7. d4 cxd4 8.
Nxd4 Rc8 9. c4 e6 10. Nc3 Nf6 11. Nxc6 Rxc6 12. Qd3 Qc7 13. b3 b5 14. Nd5 Qb7
15. Nxf6+ gxf6 16. cxb5 Qxb5 17. Qf3 Bg7 18. Bb2 Qg5 19. e5 d5 20. exf6 Bh6 21.
Rad1 O-O 22. Rd4 Kh8 23. h4 Qg6 24. Rg4 Qc2 25. Be5 Qxa2 26. Bf4 Qa5 27. Re5 Rc3
28. Qe2 Bxf4 29. Rxf4 Rg8 30. Rh5 Qa1+ 31. Kh2 Qb1 32. Rg4 Rcc8 33. Rhg5 Rg6 34.
h5 Rxg5 35. Rxg5 Qc1 36. Qg4 Qc3 37. Qf4 a5 38. Rg3 Qc7 39. Qh6 Rg8 40. f4 Rxg3
41. Kxg3 Qc3+ 42. Kh2 Qd2 43. Qg7# 1-0

[Event "Titled Tue 26th Aug Late"]
[Site "chess.com INT"]
[Date "2025.08.26"]
[Round "5"]
[White "Perelygin, Mikhail"]
[Black "Khadour, Ismael"]
[Result "0-1"]
[WhiteTitle "CM"]
[BlackTitle "FM"]
[WhiteElo "2227"]
[BlackElo "1992"]
[WhiteFideId "24153630"]
[BlackFideId "7601930"]
[EventDate "2025.08.26"]

1. d4 Nf6 2. g3 e6 3. Bg2 d5 4. Nf3 Bd6 5. c4 c6 6. O-O O-O 7. Qc2 Nbd7 8. Nbd2
b6 9. e4 dxe4 10. Nxe4 Nxe4 11. Qxe4 Nf6 12. Qd3 Bb7 13. Nd2 Qc7 14. Ne4 Nxe4
15. Qxe4 Rab8 16. Be3 c5 17. d5 exd5 18. cxd5 Rfe8 19. Qg4 Bc8 20. Qf3 Qd7 21.
Bf4 Ba6 22. Rfe1 Rbd8 23. h4 Qc7 24. Bg5 Rb8 25. h5 h6 26. Bd2 Be5 27. Rab1 Qd6
28. a4 Bb7 29. Bc3 Bxc3 30. bxc3 Re5 31. Rxe5 Qxe5 32. c4 Ra8 33. a5 Ba6 34.
axb6 axb6 35. Rxb6 Bxc4 36. d6 Rd8 37. Qd1 Be2 38. Qd2 Bxh5 39. d7 Bg4 40. Bc6
Qc7 41. Qa5 Bxd7 42. Bxd7 Rxd7 43. Qb5 Rd6 44. Rb8+ Kh7 45. Qe8 Qc6 46. Qxf7
Rd1+ 47. Kh2 Rh1# 0-1

[Event "Titled Tue 26th Aug Late"]
[Site "chess.com INT"]
[Date "2025.08.26"]
[Round "5"]
[White "Gubajdullin, Alexei"]
[Black "Mikhalsky, Vladimir"]
[Result "1-0"]
[WhiteTitle "FM"]
[WhiteElo "2228"]
[BlackElo "2219"]
[WhiteFideId "4141202"]
[BlackFideId "14144352"]
[EventDate "2025.08.26"]

1. Nf3 c5 2. g3 Nc6 3. Bg2 e5 4. O-O d5 5. d3 f6 6. Nbd2 Be6 7. e4 d4 8. a4 Qd7
9. Nh4 Bd6 10. Nf5 Bc7 11. Nc4 g6 12. Nh6 O-O-O 13. h4 f5 14. exf5 gxf5 15. Bg5
Rf8 16. a5 e4 17. a6 b5 18. Nd2 e3 19. fxe3 dxe3 20. Bxe3 Bd5 21. Bxd5 Qxd5 22.
Qf3 Qxf3 23. Rxf3 Nxh6 24. Bxh6 Rfg8 25. Nf1 Nd4 26. Rf2 Bxg3 27. Nxg3 Rxg3+ 28.
Kh2 Rhg8 29. Raf1 R3g4 30. Bg5 h6 31. Bf6 R8g6 32. Be7 Kd7 33. Re1 f4 34. c3 Nf5
35. h5 Rg7 36. Bf6 Rf7 37. Be5 Re7 38. d4 cxd4 39. cxd4 Nxd4 40. Rd2 f3 41. Bxd4
Rxe1 42. Bf2+ Kc6 43. Bxe1 Ra4 44. Rd3 Rxa6 45. Rxf3 Kd5 46. Rf5+ Kc4 47. Bc3 b4
48. Rf4+ Kd3 49. Rxb4 Re6 50. Rb5 Kc2 51. Kg3 Rc6 52. Kf4 Rc4+ 53. Kf5 a6 54.
Ra5 Rc6 55. Bf6 Kb3 56. Kg6 Rb6 57. Rf5 a5 58. Kxh6 a4 59. Kg7 1-0

[Event "Titled Tue 26th Aug Late"]
[Site "chess.com INT"]
[Date "2025.08.26"]
[Round "5"]
[White "Cevizci, Yusuf Baran"]
[Black "Purygin, Andrei"]
[Result "1-0"]
[WhiteTitle "CM"]
[BlackTitle "FM"]
[WhiteElo "2094"]
[BlackElo "2309"]
[WhiteFideId "34565400"]
[BlackFideId "24111180"]
[EventDate "2025.08.26"]

1. e4 e5 2. Nf3 d5 3. exd5 e4 4. Qe2 Nf6 5. Nc3 Be7 6. Nxe4 Nxd5 7. d3 O-O 8.
Be3 Re8 9. Nc3 Nxc3 10. bxc3 Bg4 11. h3 Bh5 12. g4 Bg6 13. Bg2 Bf6 14. d4 c5 15.
O-O Nc6 16. Rad1 Qa5 17. d5 Ne5 18. Nxe5 Bxe5 19. Qc4 Qxc3 20. Qxc3 Bxc3 21.
Bxc5 Rec8 22. Be3 Bxc2 23. Rc1 Bd3 24. Rfd1 Be2 25. d6 Bxd1 26. Rxd1 Ba5 27.
Bxb7 Rd8 28. Bxa8 Rxa8 29. d7 f6 30. Rc1 Rd8 31. Rc8 Kf7 32. Rxd8 Bxd8 33. Bxa7
Ke6 34. Bc5 Kxd7 35. a3 g6 36. Kg2 Kc6 37. Bb4 Kd5 38. Kf3 Bb6 39. Be7 Bd4 40.
Ke2 Kc4 41. f4 f5 42. Kf3 Kd3 43. a4 Bc3 44. Bd8 Kc4 45. a5 Kb5 46. Ke3 Bb2 47.
Kd3 Bc1 48. Bc7 Kc6 49. Kc2 Be3 50. Be5 Kb5 51. Kd3 Bc1 52. gxf5 gxf5 53. Kd4
Kxa5 54. Kd5 Kb5 55. Ke6 Kc6 56. Kxf5 Kd7 57. Kf6 Ke8 58. Kg7 h5 59. h4 Bd2 60.
Kg6 Be1 61. Kxh5 Kf7 62. Kg5 Bb4 63. h5 Bf8 64. f5 Kg8 65. Kg6 Bc5 66. h6 Be3
67. h7+ 1-0

[Event "Titled Tue 26th Aug Late"]
[Site "chess.com INT"]
[Date "2025.08.26"]
[Round "5"]
[White "Haarh, Simon Bjork"]
[Black "Bagchi, Sounak"]
[Result "0-1"]
[WhiteTitle "CM"]
[WhiteElo "2195"]
[BlackElo "2030"]
[WhiteFideId "1470515"]
[BlackFideId "30970059"]
[EventDate "2025.08.26"]

1. e4 c5 2. Nf3 g6 3. d4 cxd4 4. Nxd4 Nc6 5. Nc3 Bg7 6. Be3 Nf6 7. Bc4 O-O 8.
Bb3 Re8 9. f3 d5 10. exd5 Nb4 11. Qd2 Nbxd5 12. Nxd5 Nxd5 13. Bf2 e5 14. Ne2 Nf4
15. Qxd8 Rxd8 16. g3 Nxe2 17. Kxe2 Bf5 18. Rhd1 e4 19. c3 exf3+ 20. Kxf3 h5 21.
Kg2 b6 22. h3 Be4+ 23. Kg1 Bf3 24. Rxd8+ Rxd8 25. Be3 Rd3 26. Kf2 Be4 27. Rd1
Rxd1 28. Bxd1 Kf8 29. g4 hxg4 30. hxg4 Ke7 31. g5 Kd6 32. Bf4+ Kc5 33. Bb8 a5
34. Ke3 Bd5 35. a3 Kc4 36. Bc2 b5 37. Bc7 b4 38. Bxa5 bxa3 39. bxa3 Bxc3 40.
Bxc3 Kxc3 41. Be4 Be6 42. a4 Kb4 43. Bc6 Kc5 44. Be8 Bc4 45. Kf4 Kd6 46. Bb5 Be6
47. a5 Kc5 48. Bd3 Kc6 49. Ke5 Ba2 50. Kf6 Kc5 0-1

[Event "Titled Tue 26th Aug Late"]
[Site "chess.com INT"]
[Date "2025.08.26"]
[Round "5"]
[White "Shandrygin, Nikita"]
[Black "Zouaghi, Amir"]
[Result "0-1"]
[WhiteTitle "FM"]
[BlackTitle "FM"]
[WhiteElo "2209"]
[BlackElo "2301"]
[WhiteFideId "24198668"]
[BlackFideId "249262"]
[EventDate "2025.08.26"]

1. e4 e5 2. Nf3 Nc6 3. d4 exd4 4. c3 dxc3 5. Nxc3 d6 6. Bc4 h6 7. O-O Bg4 8. Qb3
Qd7 9. Qxb7 Rb8 10. Qa6 Bxf3 11. gxf3 Rb6 12. Qa4 Rb4 13. Bxf7+ Kxf7 14. Qc2 Nf6
15. a3 Rb8 16. f4 Qg4+ 17. Kh1 Qf3+ 18. Kg1 Nd4 19. Qa4 Qg4+ 20. Kh1 Nf3 21.
Qc4+ Kg6 22. Be3 Qh3 23. Rg1+ Nxg1 24. Rxg1+ Kh7 25. Rg3 Qh5 26. Qxc7 Rxb2 27.
Kg2 Rc2 28. Qc4 Qe8 29. e5 Qa8+ 30. Rf3 Rxc3 31. Qxc3 dxe5 32. fxe5 Ng4 33. Qd3+
g6 34. Bd4 Bg7 35. h4 Nxe5 36. Bxe5 Bxe5 37. h5 Rg8 38. Kf1 Qc6 39. Rf7+ Rg7 40.
hxg6+ Qxg6 41. Rxg7+ Bxg7 42. Qd7 a6 43. a4 h5 44. f3 h4 45. Qh3 Qg5 46. Ke2 Bf6
47. Kd3 Kg6 48. Ke4 Qe5+ 49. Kd3 Qf5+ 0-1

[Event "Titled Tue 26th Aug Late"]
[Site "chess.com INT"]
[Date "2025.08.26"]
[Round "5"]
[White "Dotzer, Lukas"]
[Black "Gasparyan, David"]
[Result "1-0"]
[WhiteTitle "IM"]
[WhiteElo "2472"]
[BlackElo "2194"]
[WhiteFideId "1666975"]
[BlackFideId "13311980"]
[EventDate "2025.08.26"]

1. c4 Nf6 2. Nc3 e6 3. e4 d6 4. d4 Be7 5. Nf3 O-O 6. Be2 b6 7. O-O Bb7 8. d5 e5
9. Rb1 a5 10. a3 Bc8 11. b4 g6 12. c5 bxc5 13. bxc5 Na6 14. cxd6 cxd6 15. Be3
Nd7 16. Bh6 Re8 17. Nd2 Ndc5 18. Nc4 f5 19. Nb6 Rb8 20. Nxc8 Qxc8 21. Bb5 Rd8
22. exf5 Qxf5 23. Be3 Rf8 24. Bxa6 Nxa6 25. Rxb8 Rxb8 26. Qa4 Qd3 27. Qd7 Qxc3
28. Qxe7 Qc7 29. Qe6+ Kg7 30. Bg5 Nc5 31. Bf6+ Kf8 32. Qh3 Qf7 33. f4 e4 34. Ba1
Kg8 35. Qc3 Qe7 36. Qh8+ Kf7 37. Qxb8 e3 38. Qh8 e2 39. Qxh7+ Ke8 40. Qxe7+ Kxe7
41. Re1 Nd3 42. Rxe2+ Kf7 43. Bc3 Nxf4 44. Rf2 g5 45. g3 Kg6 46. gxf4 g4 47. f5+
Kg5 48. f6 g3 49. hxg3 Kg6 50. f7 a4 51. f8=Q Kh5 52. Rh2+ Kg6 53. Qf6# 1-0

[Event "Titled Tue 26th Aug Late"]
[Site "chess.com INT"]
[Date "2025.08.26"]
[Round "5"]
[White "Arslanov, Shamil"]
[Black "Tica, Sven"]
[Result "0-1"]
[WhiteTitle "IM"]
[BlackTitle "IM"]
[WhiteElo "2410"]
[BlackElo "2442"]
[WhiteFideId "4192826"]
[BlackFideId "14526948"]
[EventDate "2025.08.26"]

1. d4 g6 2. Nc3 Bg7 3. e4 c6 4. Nf3 d5 5. h3 dxe4 6. Nxe4 Nf6 7. Bd3 Nbd7 8. Qe2
O-O 9. Bd2 Nxe4 10. Qxe4 Nf6 11. Qh4 Be6 12. Bh6 Bd5 13. Ng5 Qa5+ 14. c3 Qb6 15.
O-O-O Bxa2 16. f4 Bb3 17. Rdf1 Qa5 18. Kd2 Qa2 19. Rb1 Bc4 20. Rhf1 Bxd3 21.
Kxd3 Qa6+ 22. Ke3 c5 23. dxc5 Rad8 24. Kf2 Rd2+ 25. Kg1 Qc6 26. Nf3 Rdd8 27.
Bxg7 Kxg7 28. b4 Ne4 29. Nd4 Qf6 30. Qxf6+ Kxf6 31. Nb5 a6 32. Nd4 Nxc3 33. Rbc1
Rxd4 34. Rxc3 Rxb4 35. c6 Rc8 36. Rfc1 Rxc6 37. Rxc6+ bxc6 38. Rxc6+ Kg7 39. g3
a5 40. Ra6 a4 41. Kg2 e6 42. h4 h5 43. Kf3 Kf6 44. Kg2 Rb2+ 45. Kf3 Rb3+ 46. Kg2
a3 47. Ra5 Rb2+ 48. Kf3 a2 49. Ke4 Ke7 50. Ra6 Kd7 51. Ke5 Rg2 52. Kf6 Rxg3 53.
Rxa2 Rg4 54. Rf2 Ke8 55. Ke5 Rxh4 56. Ra2 Kf8 57. Kf6 Rxf4+ 58. Kg5 Rf5+ 59. Kh6
Ke7 60. Ra7+ Kf6 61. Ra6 h4 62. Ra4 Rh5# 0-1

[Event "Titled Tue 26th Aug Late"]
[Site "chess.com INT"]
[Date "2025.08.26"]
[Round "5"]
[White "Kochetkov, German"]
[Black "Rossi, Maximiliano"]
[Result "1-0"]
[WhiteTitle "IM"]
[WhiteElo "2277"]
[BlackElo "2013"]
[WhiteFideId "13500635"]
[BlackFideId "113425"]
[EventDate "2025.08.26"]

1. e4 Nf6 2. e5 Nd5 3. d4 d6 4. exd6 cxd6 5. g3 Nb6 6. d5 N8d7 7. Bg2 Nf6 8. Ne2
g6 9. O-O Bg4 10. Nbc3 Bg7 11. h3 Bxe2 12. Qxe2 O-O 13. Rd1 Rc8 14. a4 Nfd7 15.
Nb5 a6 16. Nd4 Rc4 17. c3 Rxa4 18. Rb1 Rc4 19. Bg5 Bf6 20. Be3 Rc5 21. Nc2 Rc8
22. h4 Nc4 23. Bd4 h5 24. b3 Nce5 25. c4 a5 26. Ne3 Kg7 27. f4 Ng4 28. Nxg4
Bxd4+ 29. Rxd4 hxg4 30. Re4 Nf6 31. Rxe7 Re8 32. Rxe8 Qxe8 33. Qxe8 Rxe8 34. Kf2
Ne4+ 35. Bxe4 Rxe4 36. Re1 Rd4 37. Re7 Rd2+ 38. Ke3 Rb2 39. Rxb7 a4 40. b4 a3
41. b5 a2 42. Ra7 Rg2 43. f5 Rxg3+ 44. Kf4 Rc3 45. fxg6 Rxc4+ 46. Kf5 a1=Q 47.
Rxa1 fxg6+ 48. Kg5 Rb4 49. Ra7+ Kf8 50. Rb7 g3 51. Kf6 Ke8 52. Ke6 Kd8 53. Kxd6
Kc8 54. Rc7+ Kd8 55. Rg7 Kc8 56. Rxg6 Rxb5 57. Kc6 Rb6+ 1-0

[Event "Titled Tue 26th Aug Late"]
[Site "chess.com INT"]
[Date "2025.08.26"]
[Round "5"]
[White "Nunez Hirales, Juan Alejandro"]
[Black "Beletic, Daniel"]
[Result "1/2-1/2"]
[BlackTitle "FM"]
[WhiteElo "1920"]
[BlackElo "2269"]
[WhiteFideId "5108888"]
[BlackFideId "14602709"]
[EventDate "2025.08.26"]

1. d4 e6 2. Nc3 d5 3. Bf4 a6 4. e3 c5 5. Nf3 Nd7 6. Ne5 Ne7 7. Be2 Nxe5 8. Bxe5
Nc6 9. Bg3 cxd4 10. exd4 Qb6 11. Qd2 Qxd4 12. O-O-O Qxd2+ 13. Rxd2 Be7 14. f4
O-O 15. Bf3 Bd7 16. Re1 Rfc8 17. Kb1 g6 18. Bf2 Bf6 19. Na4 Na5 20. Nb6 Nc4 21.
Nxc4 Rxc4 22. g3 Rac8 23. c3 Be8 24. Bg4 Kg7 25. h4 h5 26. Bh3 b5 27. Bf1 R4c7
28. Bd4 Bxd4 29. Rxd4 a5 30. a3 Kf6 31. Bh3 Rc5 32. Re5 Ke7 33. Rdxd5 Rxd5 34.
Rxd5 Rxc3 35. bxc3 exd5 36. Kc2 Kd6 37. Kd3 Kc5 38. Bc8 Bc6 39. Bh3 Bb7 40. Bd7
Bc6 41. Bc8 Be8 42. Bh3 f5 43. Bg2 Bc6 44. Bf3 Bd7 45. Bg2 Be6 46. Bf3 Kc6 47.
Kd4 Kd6 48. Bg2 Bf7 49. Bf3 Be6 50. Bg2 Bf7 51. Bf3 Be6 1/2-1/2

[Event "Titled Tue 26th Aug Late"]
[Site "chess.com INT"]
[Date "2025.08.26"]
[Round "5"]
[White "Hariharan, Shambavi"]
[Black "Ciocan, Maria-Alexandra"]
[Result "1-0"]
[WhiteTitle "WCM"]
[BlackTitle "WCM"]
[WhiteElo "2069"]
[BlackElo "1998"]
[WhiteFideId "488160"]
[BlackFideId "1227130"]
[EventDate "2025.08.26"]

1. d4 Nf6 2. c4 g6 3. Nc3 Bg7 4. g3 O-O 5. Bg2 d6 6. e3 Nbd7 7. Nge2 e5 8. O-O
Re8 9. b3 Rb8 10. Ba3 Nf8 11. dxe5 dxe5 12. Qc2 N6d7 13. Rad1 Qg5 14. Nb5 c6 15.
Nd6 Rd8 16. Nxc8 Rbxc8 17. Nc3 f5 18. f4 exf4 19. exf4 Qf6 20. Bb2 Qe7 21. Rfe1
Qc5+ 22. Kh1 Nf6 23. Na4 Qa5 24. Bc3 Qc7 25. Be5 Qf7 26. Nc3 N8d7 27. Bd4 a6 28.
Bg1 Ng4 29. h3 Ngf6 30. Rd3 Re8 31. Rde3 Nh5 32. Kh2 Bd4 33. Rxe8+ Rxe8 34.
Rxe8+ Qxe8 35. Bxd4 Qe7 36. Bf3 Ndf6 37. Qe2 Qd8 38. Be5 Ng7 39. Bxf6 Qxf6 40.
Na4 h6 41. Nc5 Qf7 42. Nd3 Kh7 43. Ne5 Qe7 44. Qd3 Qa3 45. Qd2 b5 46. cxb5 cxb5
47. h4 Qc5 48. Qe2 b4 49. Kg2 a5 50. Nd3 Qb6 51. Ne5 Qc7 52. Nc4 Qd8 53. Qd2 Qe8
54. Qe2 Qc8 55. Ne5 1-0